| 000 | 00522nam a2200181 i 4500 | ||
|---|---|---|---|
| 001 | 18065 | ||
| 003 | ES-MaACL | ||
| 005 | 20230906151741.0 | ||
| 007 | t| | ||
| 008 | 010914s1964 sp |||| | spa d | ||
| 080 | _a336(46)(082.2) | ||
| 245 | 0 | 0 | _aSistema financiero español. |
| 260 |
_aBilbao : _bDeusto, _c[1964] |
||
| 300 |
_a272 p. ; _c22 cm. |
||
| 650 | 1 | 4 |
_aInstituciones financieras- _zEspaña. _913832 |
| 650 | 4 |
_aMercado financiero- _zEspaña. _9168773 |
|
| 852 |
_aES-MaACL _jAND-76 _z. - Biblioteca Juan Andrade |
||
| 999 |
_c18065 _d18065 |
||